00311nam a2200121Ia 4500008004100000100002300041245003900064260003400103300000900137650001900146942000700165999001700172190216s9999||||xx |||||||||||||| ||und|| aGopalakrishnan P K 0aKeralathinte Samskarika Charithram bKerala Bhasha Institutec1984 a645p aKerala History cBK c40370d40370